000 00630nam a2200133Ia 4500
008 171212s9999 xx 000 0 und d
020 _a9780833060358
100 _aRosenbloom, Sandra;Wachs, Martin
245 _cRosenbloom, Sandra;Wachs, Martin
_aA Federal Role in Freight Planning and Finance
260 _bRAND Corporation
_c2012
650 _aFreight and freightage -- United States; Freight and freightage -- United States -- Forecasting; Freight and freightage -- United States -- Costs; Freight and freightage -- Government policy -- United States
650 _aHistory
856 _uwww.jstor.org/stable/10.7249/j.ctt3fh0dw
999 _c351644
_d351644